Starting with the unit circle : background to higher analysis /
"... An introduction to harmonic analysis in several variables that presents material and viewpoints not found in standard texts. The exposition throughout is explicit and elementary. Beginning with the Dirichlet problem on the unit disc, the author discusses and solves the Dirichlet problem on...
Guardado en:
| Autor Principal: | |
|---|---|
| Formato: | Libro |
| Idioma: | English Chinese |
| Publicado: |
New York :
Springer-Verlag,
c1981.
|
| Materias: | |
| Etiquetas: |
Agregar Etiqueta
Sin Etiquetas, Sea el primero en etiquetar este registro!
|
| LEADER | 01287cam a22002415a 4500 | ||
|---|---|---|---|
| 001 | MAT.inmabb003081 | ||
| 008 | 810515s1981####nyua##########001#0#eng## | ||
| 005 | 20130314233357.0 | ||
| 245 | 1 | 0 | |a Starting with the unit circle : |b background to higher analysis / |c Loo-keng Hua ; translated by Kuniko Weltin. |
| 260 | |a New York : |b Springer-Verlag, |c c1981. | ||
| 300 | |a xi, 179 p. : |b il. ; |c 25 cm. | ||
| 500 | |a Traducción de: Cong dan wei yuan tan qi. | ||
| 520 | |a "... An introduction to harmonic analysis in several variables that presents material and viewpoints not found in standard texts. The exposition throughout is explicit and elementary. Beginning with the Dirichlet problem on the unit disc, the author discusses and solves the Dirichlet problem on the unit ball in n dimensions. Among the other topics treated are basic facts about the Lorentz group, the axioms of special relativity, and partial differential equations of mixed type."--Cubierta. | ||
| 510 | 4 | |a MR, |c 83j:00001 | |
| 020 | |a 0387905898 | ||
| 100 | 1 | |a Hua, Luogeng, |d 1910- | |
| 240 | 1 | 0 | |a Cong dan wei yuan tan qi. |l Inglés |
| 650 | 0 | |a Mathematical analysis. | |
| 084 | |a 22-01 (42-01) |2 msc2000 | ||
| 010 | |a 81008840 | ||
| 040 | |a DLC |c DLC |d DLC | ||
| 041 | 1 | |a eng |h chi | |
| 859 | |h 22 |i H874 |p A-5896 |b BIB. MATEMATICA | ||
